000 00844cam a2200193 4500
001 ABS66283
008 021217n2002 000 0 eng u
035 _a(Sirsi) u120819
100 _aSmith, K.
245 _aHandling the past masters
260 _c2002
490 _aConstruction Manager
_v November 2002, 16-18(3)
520 _aLooks at how the discovery of ancient artefacts, whether Roman plaques or a medieval ship, can prove a problem for a project manager. These discoveries can delay jobs, but careful handling, with special consideration, can enable a scheme to proceed with due course. Recommendations include a responsible attitude, sensitivity, liaison, trust and flexibility. Includes two case studies.
590 _aABS
650 _aARCHAEOLOGY
650 _aPPG16
690 _aProject management
_96261
942 _n0
999 _c71799
_d71799